000 00529nam a2200205 a 4500
001 31159
005 20180713234523.0
008 140415s1982 000 0 spa d
020 _a9684342136
041 _aspa
082 _a869
_bDRU
100 1 _aDRUMMOND DE ANDRADE, CARLOS
245 1 0 _aPOEMAS
250 _a1a ed.
260 _a[s.l.] :
_bPREMIA EDITORA DE LIBROS,
_c1982
300 _a80
490 _aLIBROS DEL BICHO
_v28
650 1 4 _aPOESIA PORTUGUESA
700 1 _aCervantes, Francisco,
_etr.
999 _c31159
_d31159